000 00780nam a22002777a 4500
001 BR7200751
003 BR-BrBNA
005 20230928083813.0
007 ta
008 230509b bl.||||| |||| 00| 0 por d
040 _aBR-BrBNA
_bpor
_cBiblioteca Nacional de Agricultura
041 _a(Por)
072 _aK10
_b/G514
090 _ K10 BR7200751
100 1 _aTigre, C.B.
110 1 _aDepartamento Nacional de Obras Contra as Secas, Fortaleza, CE (Brasil)
245 1 _aQuebraventos e faixas de protecao para a zona seca [Brasil]
260 3 _aFortaleza, CE (Brasil):
_c1972.
300 _a34 p.
650 _aVENTO
650 _aQUEBRA-VENTO
650 _aCINTURAO DE DEFESA
650 _aREGIAO NORDESTE
909 _a202309
_bLucia
_c55
_dLucia Elande
942 _cBK
999 _c15319
_d15319